UBT Library

INTRODUCTION TO THE PRACTICE OF STATISTICS (Record no. 60055)

000 -LEADER
fixed length control field 00355nam a22001457a 4500
008 - FIXED-LENGTH DATA ELEMENTS--GENERAL INFORMATION
fixed length control field 230627b ||||| |||| 00| 0 eng d
020 ## - INTERNATIONAL STANDARD BOOK NUMBER
International Standard Book Number 9780716763567
041 ## - LANGUAGE CODE
Language code of text/sound track or separate title eng
080 ## - UNIVERSAL DECIMAL CLASSIFICATION NUMBER
Edition identifier FIFTH EDITION
Universal Decimal Classification number 311
082 ## - DEWEY DECIMAL CLASSIFICATION NUMBER
Classification number 311NES
100 ## - Rafti
Rafti 25.2
101 ## - Shkurtesa
Shkurtesa STAT
245 ## - TITLE STATEMENT
Title INTRODUCTION TO THE PRACTICE OF STATISTICS
Statement of responsibility, etc NESTER .K .D
942 ## - ADDED ENTRY ELEMENTS (KOHA)
Source of classification or shelving scheme
Item type Books
Holdings
Withdrawn status Lost status Source of classification or shelving scheme Damaged status Not for loan Collection code Permanent location Current location Date acquired Total Checkouts Full call number Barcode Date last seen Price effective from Koha item type
          Koleksioni i përgjithshem UBT - Lipjan UBT - Lipjan 06/27/2023   311NES 002-800080694 06/27/2023 06/27/2023 Books
UBT Library © 2015-2024. All rights reserved University Education for Business and Technology